00161nam a2200061Ia 4500008004100000100001600041245004200057120527s9999 xx 000 0 und d aLove, H.E A aA treatise on mathematical the theory